[Event "Cuernavaca Young Masters"]
[Site "Cuernavaca"]
[Date "2006.02.05"]
[Round "3"]
[White "Dominguez Perez, Leinier"]
[Black "Felgaer, Ruben Alejandro"]
[Result "1/2-1/2"]
[WhiteElo "2638"]
[BlackElo "2607"]
[Annotator "Rogozenco,D"]
[PlyCount "77"]
[EventDate "2006.02.03"]
[EventType "tourn"]
[EventRounds "9"]
[EventCountry "MEX"]
[EventCategory "16"]
[SourceTitle "CBM 112"]
[Source "ChessBase"]
[SourceDate "2006.06.07"]
[SourceVersion "1"]
[SourceVersionDate "2006.06.07"]
[SourceQuality "1"]

1. e4 c5 2. Nf3 Nc6 3. d4 cxd4 4. Nxd4 Nf6 5. Nc3 e5 6. Ndb5 d6 7. Bg5 a6 8.
Na3 b5 9. Bxf6 gxf6 10. Nd5 f5 11. Bd3 Be6 12. O-O Bxd5 13. exd5 Ne7 14. Re1
Bg7 15. c3 O-O ({The immediate} 15... e4 {restricts a bit Black's options,
since after} 16. Bf1 O-O 17. Nc2 {Black does not have the advance of the
f-pawn, which would have been possible in the game, see 16...f4 later. Then}
Qd7 18. a4 {leads to the game.}) 16. Nc2 ({The main continuation is} 16. Qh5
$14 {/=}) 16... Qd7 ({In this situation an attractive alternative is} 16... f4
{For instance:} 17. a4 bxa4 18. Rxa4 a5 {[%csl Rc2]} 19. Na3 (19. Kh1 f5 20. f3
Kh8 21. Bf1 Qb6 22. b4 axb4 23. Nxb4 e4 24. Rxa8 Rxa8 $17 {0-1 Redmon,M-De
Vreugt,D (2265)/Glenalmond 1996 (27)}) 19... Rc8 20. Nb5 Rc5 21. c4 f5 22. Qd2
Ng6 23. f3 Nh4 24. Rxa5 e4 25. b4 $2 (25. fxe4 f3 $36) 25... Qg5 $1 26. Rf1
Rxb5 27. cxb5 Bd4+ 28. Kh1 Be3 29. Qb2 exd3 $19 {0-1 Mazi,L (2417)-Nedev,T 
(2489)/Antalya 2004 (35)}) (16... Rc8 17. a4 e4 18. Bf1 Rc5 19. Ne3 f4 20. Nc2
Rxd5 21. Qc1 $14 {/~~, 1-0 Reschke,H (2469)-Gilbert,C/Corr 1998 (36)}) (16...
Re8 17. a4 (17. Qh5 e4 $1 18. Bf1 Nxd5 19. Qxf5 Re5 20. Qh3 Nf4 21. Qg4 Ne6 22.
f4 exf3 23. Qxf3 Ng5 24. Qb7 Ne4 25. Nb4 Re7 26. Qc6 d5 {1/2-1/2 Inarkiev,E 
(2582)-Babula,V (2550)/Pardubice 2003}) 17... Qb6 18. axb5 axb5 19. Nb4 Rxa1
20. Qxa1 e4 21. Bf1 Qc5 $13 {1/2-1/2 Negi,P (2349)-Alekseev,E (2597)/Kirishi
2005 (59)}) 17. a4 (17. Nb4 e4 18. Bf1 Qb7 $132 {[%cal Ga6a5]}) 17... e4 18.
Bf1 bxa4 19. Nb4 ({Better is} 19. Ne3 Qb7 (19... Rfb8 $5 20. Nc4 Qc7 $13) 20.
Nc4 {and we have a transposition to the game Kramnik-Leko, where the queen
came to b7 from c8. White's chances are slightly preferable. The game
continued:} Qxd5 (20... Rfd8 21. Qh5 $14) 21. Qxd5 Nxd5 22. Red1 Nc7 23. Rxd6
$14 {1/2-1/2 Kramnik,V (2777)-Leko,P (2722)/Monaco 2004 (63)}) 19... a5 (19...
Qb7 $1 20. Qxa4 a5 21. Nc6 Nxd5 (21... Nxc6 $5) 22. Rad1 Ne7 23. Bb5 Nc8 24.
Nd4 Nb6 25. Qc2 Bxd4 26. Rxd4 d5 27. Qd2 f6 28. Qf4 Qe7 29. Qxf5 Qe5 30. Qg4+
Kh8 31. g3 Rg8 32. Qe2 f5 33. Qh5 Raf8 $36 {0-1 Magomedov,M (2475)-Sermek,D 
(2465)/Ljubljana 1992 (45)}) 20. Nc6 Nxc6 21. Bb5 $1 {White keeps an edge
thanks to this resourse, using the position of the queen on d7.} (21. dxc6 $2
Qxc6 $17) 21... Qb7 $5 {An interesting decision. Black sacrifices the exchange,
but activates his bishop and takes White's queenside pawns.} (21... Rab8 22.
Bxc6 $14 {[%csl Ra4,Ra5,Re4,Rf5]}) 22. Bxc6 Qxb2 23. Bxa8 Rxa8 24. Qxa4 Qxc3 {
White is obviously better, but Black has very good chances to escape with a
draw. The problem for the first player is that a move like f2-f3 (otherwise
it's difficult to make progress) would seriously weaken the dark squares
around the king.} 25. Rac1 Qe5 26. Qc6 Rf8 27. Qb5 $1 ({For instance} 27. f3 $2
{handles Black the advantage after} Qf4 $1 {and if} 28. fxe4 {then} Bd4+ 29.
Kh1 Be5 30. g3 Qf3+ 31. Kg1 Bd4+ {with mate}) 27... Qb2 $1 28. Qd7 $1 (28. Qxa5
$2 Bd4 29. Rf1 Bxf2+ 30. Kh1 e3 {and only White can lose}) (28. Qxb2 Bxb2 29.
Rc6 (29. Rc4 Ra8 30. Ra4 Bc3 $11) 29... a4 30. Ra6 (30. Rxd6 $2 Ra8 $19) 30...
a3 $11) 28... Qe5 29. Rc6 (29. Rc8 $2 Qxd5 $17) 29... Qf4 ({Also possible was} 
29... Qxd5 30. Rxd6 Qe5 31. Rd5 Qe6 $1) 30. Qxd6 (30. g3 Qf3 31. Qxd6 Bd4 32.
Rc2 e3 $132) 30... Be5 31. g3 ({Probably some chances would have left the
endgame after} 31. Qh6 Qxh6 32. Rxh6 {although} f6 $1 {[%csl Rh6]} 33. Rh3 Rd8
34. Rd1 Bd6 {[%cal Ga5a4,Ga4a3]} 35. Rc3 a4 36. Rc6 a3 37. Ra6 f4 {[%cal Gf6f5,
Gg8g7] should enable Black to hold.}) 31... Qd2 32. Qxe5 Qxe1+ 33. Kg2 e3 $1 {
Felgaer finds the only move to escape.} 34. Qxf5 (34. Qxe3 Qxe3 35. fxe3 Ra8
36. d6 Kf8 37. d7 Rd8 38. Ra6 Rxd7 39. Rxa5 Rd2+ $11) (34. fxe3 Qe2+ $11) 34...
e2 35. Qg5+ ({A good try was} 35. Rh6 {and Black had to find} Qf1+ 36. Kf3
e1=N+ $3 ({Another spectacular way fails to achieve the task:} 36... Qh1+ 37.
Kg4 (37. Kxe2 Re8+) (37. Kf4 Qc1+ $19) 37... Qe4+ $3 38. Qxe4 f5+ 39. Kf3 fxe4+
40. Kxe2 $16) 37. Kg4 Qd3 38. Qg5+ Kh8 39. Qf6+ Kg8 40. Qg5+ $11) 35... Kh8 36.
Rc1 Qd1 37. Qf6+ Kg8 38. Qg5+ Kh8 39. Qf6+ 1/2-1/2

[Event "GER-ch 77th"]
[Site "Osterburg"]
[Date "2006.02.03"]
[Round "1"]
[White "Baramidze, David"]
[Black "Brener, Ilja"]
[Result "1-0"]
[WhiteElo "2554"]
[BlackElo "2323"]
[Annotator "Rogozenco,D"]
[PlyCount "95"]
[EventDate "2006.02.03"]
[EventType "swiss"]
[EventRounds "9"]
[EventCountry "GER"]
[SourceTitle "CBM 112"]
[Source "ChessBase"]
[SourceDate "2006.06.07"]
[SourceVersion "1"]
[SourceVersionDate "2006.06.07"]
[SourceQuality "1"]

1. e4 c5 2. Nf3 Nc6 3. d4 cxd4 4. Nxd4 Nf6 5. Nc3 e5 6. Ndb5 d6 7. Bg5 a6 8.
Na3 b5 9. Nd5 Be7 10. Bxf6 Bxf6 11. c3 Bg5 12. Nc2 Ne7 {A variation constantly
used by GM Shariyazdanov.} 13. Ncb4 (13. Nce3 $6 Bxe3 14. Nxe3 Bb7 $11) 13...
O-O 14. a4 (14. Nxe7+ Qxe7 15. Nd5 Qb7 $11) 14... bxa4 15. Qxa4 (15. Rxa4 a5
16. Nxe7+ Qxe7 17. Bc4 Bd7 18. Nd5 Qe6 19. Ra1 Qg6 $13) 15... Nxd5 16. Nxd5 Bd7
17. Qd1 (17. Qa5 Qb8 18. b4 $5 (18. Qb6 Be6 19. Bc4 Bxd5 20. Qxb8 Raxb8 21.
Bxd5 Rxb2 22. O-O Rb6 23. Rfb1 Rfb8 24. Rxb6 Rxb6 25. Bc4 h5 26. g3 Rc6 27. Bd5
Rb6 28. Bc4 Bd2 29. Rxa6 Rxa6 {1/2-1/2 Prasad,D (2432)-Shariyazdanov,A (2588)/
Biel 1999}) 18... Bd8 19. Qa2 a5 20. Bc4 $13) (17. Qa2 a5 $11) (17. Qc2 a5 18.
Bc4 Qb8 19. O-O Rc8 20. Qe2 Qb7 21. b3 Be6 22. Ra2 Bd8 23. Rfa1 Kf8 24. h3 Qc6
25. Bb5 Qb7 26. Bc4 Qc6 27. Bb5 {1/2-1/2 Lukin,A (2423)-Shariyazdanov,A (2594)/
St Petersburg 2001/CBM 082 ext}) 17... a5 18. Be2 (18. Bc4 Kh8 19. O-O f5 20.
exf5 Bxf5 21. Qe2 Qb8 22. Ra3 Bd8 23. Rfa1 Be6 24. b3 $14 (24. b4 $2 Qb7 25.
Qa2 Rc8 26. Bb3 axb4 27. cxb4 Bxd5 28. Bxd5 Qxb4 $17 {0-1 Zelcic,R (2521)
-Shariyazdanov,A (2572)/Rabac 2004 (45)})) 18... a4 {Such an advance can
easily turn out to be a mistake. Although the pawn looks strong, in fact it
may become a serious weakness after the plan Bd3-c2. White can neutralize
opponent's pressure against pawn b2 by comfortably placing the knight on b4 
(which is the main drawback of Black's move)..} ({The usual plan is} 18... f5 {
with a marginal advantage for White}) 19. O-O Rb8 $6 {Now Black will not be
able to organize a proper defense of pawn a4.} ({Black achieves reasonable
chances with} 19... Qb8 $1 20. Nb4 Bd8 21. Bc4 (21. Bg4 Bb5 22. Re1 Ba5 23. Nd5
Qb7 $11) 21... Ba5 22. Bd5 Ra7 23. Nd3 Bb6 $13) 20. Nb4 Qb6 $2 (20... Be7 $142
21. Bd3 $140 d5 $1) 21. Bd3 $1 $16 {White is almost winning. He'll be a pawn
up with no compensation for Black.} Ra8 22. Bc2 Bb5 23. Re1 a3 {The only way
to make White's task more difficult.} 24. Rxa3 Rxa3 25. bxa3 Bh4 26. g3 Bd8 27.
Qd5 Ba6 28. Rd1 Bc7 29. Nxa6 Qxa6 30. a4 g6 31. Kg2 Kg7 32. Rb1 {Besides being
a pawn up, White has also much better pieces. The pressure on f7 enables White
to include the rook with the decisive effect. Typically for such positions the
opposite-coloured bishops only make things worse for Black.} Qa5 (32... Rb8 33.
Rxb8 Bxb8 34. Bb3 Qa7 35. a5 $18) 33. Qc4 Bb6 34. Rb5 Qa7 35. Qd5 Bxf2 36. Qxd6
Be1 $2 {This allows an unusual catch of the bishop in White's camp.} ({He
could have put up resistance with} 36... Re8 37. Bb3 Bg1 38. Qd2 Re7) 37. Qxe5+
Kg8 38. Qd4 $18 Qc7 39. Rc5 Qb6 40. Kf1 $1 Qb2 41. Qd3 Qa1 42. Bd1 Qa2 43. Kxe1
Qxh2 44. Rd5 Qg1+ 45. Kd2 Qg2+ 46. Be2 Kg7 47. Qd4+ f6 48. Rd7+ 1-0

[Event "World Women-ch"]
[Site "Kazan/Shenyang"]
[Date "1999.07.04"]
[Round "6"]
[White "Xie, Jun"]
[Black "Galliamova, Alisa"]
[Result "0-1"]
[WhiteElo "2528"]
[BlackElo "2556"]
[Annotator "Rogozenco,D"]
[PlyCount "96"]
[EventDate "1999.07.05"]
[EventType "match"]
[EventRounds "16"]
[EventCountry "RUS"]
[SourceTitle "CBM 073"]
[Source "ChessBase"]
[SourceDate "1999.12.01"]
[SourceVersion "1"]
[SourceVersionDate "1999.12.01"]
[SourceQuality "1"]

1. e4 c5 2. Nf3 Nc6 3. d4 cxd4 4. Nxd4 Nf6 5. Nc3 e5 6. Ndb5 d6 7. Bg5 a6 8.
Na3 b5 9. Nd5 Be7 10. Bxf6 Bxf6 11. c3 Bg5 12. Nc2 O-O 13. g3 {Taking by
surprise (Galliamova never played Sveshnikov variation before this match), Xie
Jun chooses a harmless set-up. Possibly Black is OK even after the strongest
13.a4, however that is the only way for White to fight for opening advantage.}
Ne7 14. Ncb4 (14. h4 Bh6 15. Bh3 $11 Bb7 $5) 14... Be6 (14... a5 15. Nxe7+ Qxe7
16. Nd5 Qb7 17. Qb3 {1/2-1/2 Tiviakov,S-Yakovich,Y/Beijing 1997}) 15. Bg2 a5
16. Nxe7+ Qxe7 17. Nd5 Qb7 {Black is already better.} 18. O-O (18. a3 b4 19.
axb4 Bxd5 20. exd5 axb4 $15) 18... b4 19. c4 {Xie Jun probably didn't realize
how dangerous White's position is when she played g3 and Bg2. The problem is
that White has to wait - any active play is impossible. The difference between
Bishops (the swap on d5 is inevitable) is huge. Black can combine plans on
Queenside with the play on Kingside.} (19. cxb4 axb4 20. f4 exf4 21. gxf4 Bxd5
22. exd5 Bf6 $17) (19. h4 $142 {This was necessary. It is important to force
Black's Bishop to choose a diagonal.}) 19... Rfc8 20. Qd3 a4 21. Rfd1 $6 {
White makes a few innacurate moves and finds herself in a difficult position.}
(21. h4 Bd8 (21... Bh6 22. Rfd1 (22. Rad1 Bxd5 23. cxd5 (23. Qxd5 Qxd5 24. Rxd5
Rxc4 25. Rxd6 Rc2 26. Rb1 g6 $17) 23... b3 $17) 22... Bxd5 23. cxd5 Rc5 (23...
b3 24. axb3 axb3 25. Bh3 $11) 24. Bh3 g6 $15) 22. Rac1 Bxd5 23. cxd5 (23. Qxd5
Qxd5 24. cxd5 (24. exd5 $2 b3 25. a3 Bb6 26. Rfd1 Bd4 27. Rd2 Ra5 $19) 24...
Bb6 $15) 23... Bb6 24. Bh3 {and White holds.}) 21... Bxd5 22. exd5 (22. Qxd5
Qxd5 23. Rxd5 (23. cxd5 Rc2 (23... b3 24. axb3 axb3 25. Rxa8 Rxa8 26. Rd3 $11)
24. b3 Bd2 25. Bf1 Bc3 26. Bd3 Rb2 $17) 23... Rxc4 24. Rxd6 Rc2 25. Rb1 Be7 26.
Rd5 Bc5 27. Rxe5 Bxf2+ 28. Kh1 Bd4 29. Rb5 Bxb2 30. Rxb4 Be5 $17) 22... g6 $17
23. Re1 Qa7 24. Rad1 Rc7 25. Qe2 Rac8 26. Bf1 Rc5 27. Kg2 $6 Qc7 28. f3 f5 {
White is strategically lost. The win for Black is a matter of technique, which
Galliamova demonstrates.} 29. Qc2 $6 (29. Ra1 {preparing to open a-file after
Black plays b4-b3, but it doesn't really help. Black has a big space advantage
and can play b3 after placing the pieces optimally. However, 29.Ra1 was a more
stubborn defence.} Rb8 30. Qf2 Bf6 (30... Qd7 $2 31. Rxe5) 31. Kh1 Qd7 (31...
b3 $6 32. axb3) 32. Bd3 b3 33. axb3 Rxb3 $17) 29... Qd7 30. Bd3 Rb8 31. Qf2 Bf6
(31... b3 32. axb3 Rxb3 33. Rxe5 dxe5 34. Qxc5 Rxb2+ 35. Kh1 {Black is clear
better anyway, but there is no need for such complications.}) 32. Kh1 b3 $1 {
Fixing the pawn on b2.} 33. a3 Qg7 34. Rb1 Rf8 35. Qd2 Bd8 36. Rf1 Ba5 37. Qg2
Rc7 38. g4 $2 {Decissive mistake in a difficult position.} Bb6 39. gxf5 gxf5
$19 40. Qd2 {With or without Queens doesn't matter anymore.} Kh8 41. Rbe1 Rg8
42. Qe2 Qg6 43. h3 Rcg7 44. Qh2 Qh5 45. Be2 Qh4 46. Bd3 e4 47. Bxe4 (47. fxe4
Rg3 $19) 47... fxe4 48. Rxe4 Rg1+ 0-1

[Event "Corus-B"]
[Site "Wijk aan Zee"]
[Date "2001.01.26"]
[Round "9"]
[White "Luther, Thomas"]
[Black "De Vreugt, Dennis"]
[Result "1/2-1/2"]
[WhiteElo "2544"]
[BlackElo "2452"]
[Annotator "Rogozenco,D"]
[PlyCount "68"]
[EventDate "2001.01.13"]
[EventType "tourn"]
[EventRounds "11"]
[EventCountry "NED"]
[EventCategory "10"]
[SourceTitle "CBM 081"]
[Source "ChessBase"]
[SourceDate "2001.03.20"]
[SourceVersion "1"]
[SourceVersionDate "2001.03.20"]
[SourceQuality "1"]

1. e4 c5 2. Nf3 Nc6 3. d4 cxd4 4. Nxd4 Nf6 5. Nc3 e5 6. Ndb5 d6 7. Bg5 a6 8.
Na3 b5 9. Bxf6 gxf6 10. Nd5 f5 11. Bd3 {Thomas played twice 11.Bxb5!? last
year scoring 1,5 points. In this game his opponent must have been well
prepared for the piece sac. Still it would have been very interesting to see
another high level game in that line.} Be6 12. Qh5 Rg8 13. c3 h6 $5 {Black
does not wish to enter the forced lines after 13. ... Rxg2 14.Qf3. The game
move is a rare guest in the practice, but Black scored very well with it. The
main threat is fxe4 and Bg4, because Qxh7 is not longer possible after that.
It also prepares 14. ...Nxd5 15.exd5 Ne7, as 16.Bxf5 will be not possible in
view of 16. ... Rg5.} (13... Rxg2 14. Qf3 Rg4 15. exf5 Bxd5 16. Qxd5 Ne7 17.
Qb7 Bh6 18. f6 Ng8 19. Qc6+ Kf8 20. Rd1 Rf4 21. Bxh7 Rxf6 22. Bxg8 Kxg8 $14 {
/=. 1-0 Nijboer,F-Reinderman,D/Wijk aan Zee 2000/ (53)}) 14. g3 (14. h3 $6 Bxd5
15. exd5 Ne7 16. O-O Nxd5 $17 {[%cal Gd5f4]} 17. f4 $2 Ne3 $19 18. Bxf5 Qb6 (
18... Rxg2+ 19. Kh1 Rxb2) 19. fxe5 Nxf5+ 20. Kh2 Qe3 {0-1 Bruzon,L-Eljanov,P/
Ubeda/ 2001}) (14. Nc2 {maybe not so bad, although it is connected with a
Queen sac for Rook and Knight.} fxe4 15. Bxe4 Bg4 16. Nf6+ Qxf6 17. Bxc6+ Kd8
18. Qxg4 Rxg4 19. Bxa8 $13) 14... b4 {This pawn advance has its drawbacks. The
main is that it helps the Knight from a3 to come quick into play.} (14... fxe4
15. Bxe4 Bg4 16. Qh4 Qxh4 17. gxh4 {[%csl Rc6][%cal Gd5f6]} O-O-O 18. Nf6 d5
19. Nxg8 dxe4 $44) 15. Nc4 (15. cxb4 $6 Bxd5 16. exd5 Nd4 $44) 15... bxc3 16.
bxc3 Bxd5 17. exd5 Ne7 18. O-O Rg5 19. Qe2 $14 {White is better. There is no
way to avoid opening of the position and white pieces are better prepared for
an attack against black King.} Bg7 (19... e4 20. Bc2 Nxd5 (20... Bg7 21. f3
Nxd5 22. fxe4 Nxc3 23. Qd2 Nb5 24. Rad1 $36) 21. Qd2 Nb6 22. Nxb6 Qxb6 23. Qd5
$36) 20. f4 exf4 21. Rxf4 Kf8 22. Raf1 (22. Qf3 $5) 22... Nxd5 23. Rxf5 Rxf5
24. Bxf5 (24. Rxf5 Nxc3 25. Qf2 Qc7 $13) 24... Nxc3 25. Qd3 d5 26. Be6 Ra7 27.
Qg6 Kg8 (27... f6 $2 28. Qh7 $18) 28. Rxf7 {I don't see the point in swaping
Rooks.} (28. Bxf7+ Kh8 29. Ne5 $1 Qg5 30. Qb6 Ra8 31. Ng6+ Kh7 32. Nf4 $16 {
white King is safer and Black still must be very careful.}) 28... Rxf7 29.
Qxf7+ Kh8 30. Nd2 Ne4 31. Nxe4 dxe4 32. Kg2 Qf8 $11 33. Qxf8+ Bxf8 34. Bd5 e3
1/2-1/2

[Event "EU-ch 2nd"]
[Site "Ohrid"]
[Date "2001.06.05"]
[Round "5"]
[White "Efimov, Igor"]
[Black "Eljanov, Pavel"]
[Result "0-1"]
[WhiteElo "2480"]
[BlackElo "2558"]
[Annotator "Rogozenco,D"]
[PlyCount "96"]
[EventDate "2001.06.01"]
[EventType "swiss"]
[EventRounds "13"]
[EventCountry "YUG"]
[SourceTitle "CBM 084"]
[Source "ChessBase"]
[SourceDate "2001.09.13"]
[SourceVersion "1"]
[SourceVersionDate "2001.09.13"]
[SourceQuality "1"]

1. e4 c5 2. Nf3 Nc6 3. Nc3 e6 4. d4 cxd4 5. Nxd4 Nf6 6. Ndb5 d6 7. Bf4 e5 8.
Bg5 a6 9. Na3 b5 10. Bxf6 gxf6 11. Nd5 f5 12. Nxb5 {This is less dangerous
than another piece sac - 12.Bxb5.} axb5 13. Bxb5 Bb7 {Sveshnikov himself
considered Bb7 to be the strongest answer.} (13... Bd7) 14. exf5 Ra5 15. Qd3 (
15. a4 Rxb5 16. axb5 Nd4 $36) 15... Bg7 16. Qc4 Rxb5 (16... O-O $2 17. Bxc6 Rc5
18. Qg4 $16) 17. Qxb5 Ba8 (17... Qa5+ 18. Qxa5 Nxa5 $13 {Sveshnikov}) 18. Qb6
$2 {This is just a big mistake which loses material.} (18. c3 $13 {White has
material advantage, but the potential power of black bishops must not be
underestimated.}) 18... Nd4 {[%csl Rc2,Rd5,Rf5]} 19. Qxd8+ (19. Nc7+ Kd7 20.
Nxa8 Qxa8 $19) 19... Kxd8 20. Ne3 Bh6 $17 {/-+.} 21. O-O-O (21. c4 Bxe3 22.
fxe3 Nc2+ 23. Kf2 Nxa1 (23... Rg8 24. Rag1 Nb4 $36) 24. Rxa1 Rg8 25. g3 Rg5 $19
) 21... Bxg2 22. Rhe1 Be4 23. c3 Kd7 $1 24. b4 (24. cxd4 Rc8+ 25. Kd2 Rc2#)
24... Nc2 25. Re2 Nxe3 26. fxe3 Bf3 27. Rdd2 Bxe2 28. Rxe2 Rc8 29. Kc2 d5 30.
Kb3 Rc4 31. a4 Re4 32. a5 Kc6 33. a6 Bxe3 34. Rg2 Kb6 35. Rg7 Kxa6 36. Rxf7 Rf4
37. f6 Rf5 38. c4 dxc4+ 39. Kxc4 Bg5 40. Rxh7 Rxf6 41. Kd5 Bf4 42. h4 Kb5 43.
Rb7+ Ka4 44. b5 Kb4 45. Rh7 Kxb5 46. h5 Kb4 47. h6 $2 (47. Ke4 Kc3 48. h6 (48.
Rh8 Kd2 49. Rh7 Ke2 50. Rh8 Ra6 51. Rh7 Ra4+ 52. Kf5 Kf3 $19) 48... Kd2 49. Rh8
Ke2 50. h7 Rh6 $19) 47... Rb6 48. Rh8 Bxh6 0-1

[Event "Corus-B"]
[Site "Wijk aan Zee"]
[Date "2003.01.19"]
[Round "7"]
[White "Van der Wiel, John"]
[Black "Cmilyte, Viktorija"]
[Result "1/2-1/2"]
[WhiteElo "2509"]
[BlackElo "2452"]
[Annotator "Rogozenco,D"]
[PlyCount "65"]
[EventDate "2003.01.14"]
[EventType "tourn"]
[EventRounds "13"]
[EventCountry "NED"]
[EventCategory "13"]
[SourceTitle "CBM 093"]
[Source "ChessBase"]
[SourceDate "2003.04.01"]
[SourceVersion "1"]
[SourceVersionDate "2003.04.01"]
[SourceQuality "1"]

1. e4 c5 2. Nf3 Nc6 3. d4 cxd4 4. Nxd4 Nf6 5. Nc3 e5 6. Ndb5 d6 7. Bg5 a6 8.
Na3 b5 9. Bxf6 gxf6 10. Nd5 f5 11. c3 Bg7 12. exf5 Bxf5 13. Nc2 O-O 14. Nce3
Be6 15. Bd3 f5 16. Qh5 e4 17. Bc2 Ne7 18. Rd1 {In this line, once Ponomariov's
choice against Sveshnikov SIcilian, White is usually trying to get a slight,
but stable advantage. Meanwhile in the practice Black players found clear ways
for equality. The present game is another example in that aspect.} b4 $5 19.
Nxb4 {Finally White takes the pawn with the knight. In the previous encounters
White either played 19.cxb4, or 19.0-0, in either case Black had a pleasant
position. However, the present game demonstrates that here too Black is out of
problems.} a5 {Another playable move is 19...Rb8, but 19...a5 leads to a draw
by force.} 20. Nbd5 Nxd5 21. Nxd5 Rb8 22. Bb3 (22. b3 Bxd5 23. Rxd5 Bxc3+)
22... a4 23. Bxa4 Rxb2 24. Bb3 Bxd5 25. Bxd5+ Kh8 26. O-O Bxc3 27. Be6 Qe8 $1 {
Thanks to this precise move Black is completely okay.} (27... Rb5 28. Rb1 $14)
28. Qxe8 Rxe8 29. Bxf5 Re5 $1 {[%cal Gd6d5]} 30. Rc1 (30. Bd7 d5 31. a4 d4 {
with obvious compensation for the pawn.}) 30... Rxf5 31. Rxc3 Rxa2 32. f3 exf3
33. Rcxf3 1/2-1/2

[Event "USA-ch"]
[Site "Seattle"]
[Date "2003.01.17"]
[Round "8"]
[White "Bennett, Allan"]
[Black "Ippolito, Dean"]
[Result "0-1"]
[WhiteElo "2306"]
[BlackElo "2378"]
[Annotator "Rogozenco,D"]
[PlyCount "52"]
[EventDate "2003.01.09"]
[EventType "swiss"]
[EventRounds "9"]
[EventCountry "USA"]
[SourceTitle "CBM 093"]
[Source "ChessBase"]
[SourceDate "2003.04.01"]
[SourceVersion "1"]
[SourceVersionDate "2003.04.01"]
[SourceQuality "1"]

1. e4 c5 2. Nc3 e6 3. Nf3 Nc6 4. d4 cxd4 5. Nxd4 Nf6 6. Ndb5 d6 7. Bf4 e5 8.
Bg5 a6 9. Na3 b5 10. Nd5 Be7 11. Bxf6 Bxf6 12. c3 O-O 13. Nc2 Bg5 14. a4 bxa4
15. Rxa4 a5 16. Bc4 Rb8 17. b3 Kh8 18. O-O f5 19. exf5 Bxf5 20. Nce3 Bg6 21.
Bd3 (21. Be2) 21... Bxd3 (21... Bf7 {Is another, more complicated alternative.
The game move is enough for equality.}) 22. Qxd3 Bxe3 23. Nxe3 $2 (23. fxe3
Rxf1+ 24. Qxf1 h6 {proved by Tregubov as the safest way for Black.} (24... Rxb3
25. Rc4 Rb5 26. e4 $44 {Sokolov A.-Gurgenidze, Riga 1985.}) 25. h3 (25. Qc4
$142) 25... Rxb3 26. Qa6 Ne7 {and two games by Tregubov soon ended with a draw
from this position.}) 23... Rxb3 {Now White won't have compensation for the
pawn.} 24. g3 $2 {This second mistake loses at once.} (24. Qc4 Qb6 $17 (24...
Rb6 $2 25. Nd5 $18)) 24... Nd4 $1 {The threat is Rxc3 followed by Ne2+} 25. Nd5
(25. Ra2 Qa8 26. Rfa1 Qc6 $1 (26... Nf3+ 27. Kh1 {with idea Qd5 next.}) 27.
Rxa5 Rxc3 $19 {[%csl Rg1]}) 25... Qa8 $1 26. Qe4 Nf3+ (26... Nf3+ 27. Kg2 Nd2
$19) 0-1